In Vitro 3D Reconstructed Human Tissue Models – Application and Implementation in Toxicology as Alternatives to In Vivo Testing

Guardado en:
Detalles Bibliográficos
Autor principal: Pôbiš, Peter (Autor)
Otros Autores: Kanďárová, Helena (Orientador)
Formato: Manuscrito Libro
Lenguaje:eslovaco
inglés
Publicado: 2025
Materias:
Acceso en línea:http://is.stuba.sk/zp/portal_zp.pl?podrobnosti=171821
Etiquetas: Agregar Etiqueta
Sin Etiquetas, Sea el primero en etiquetar este registro!

MARC

LEADER 00000ntm a22000003a 4500
001 stuzp86759
003 SK-STU
005 20250906210346.8
007 ta
008 150427s2015----xo-----f-mn---000-0-slo-d
040 |a STU  |b slo 
041 0 |a eng 
100 1 |a Pôbiš, Peter  |u 043000  |4 aut  |U FCHPT Fakulta chemickej a potravinárskej technológie  |T FCHPT Ústav biochémie a mikrobiológie  |X 88498  |U C3000  |Y 101  |7 88498 
242 0 1 |a In Vitro 3D rekonštituovné modely ľudských tkanív – Aplikácia a implementácia v toxikológii ako náhrada testovania in vivo  |y slo 
245 1 0 |a In Vitro 3D Reconstructed Human Tissue Models – Application and Implementation in Toxicology as Alternatives to In Vivo Testing 
260 |c 2025 
650 4 |a toxikológia in vitro  |2 slo 
650 4 |a zdravotnícke pomôcky  |2 slo 
650 4 |a liečivá  |2 slo 
650 4 |a NAMs  |2 slo 
650 4 |a 3D rekonštituované modely ľudských tkanív  |2 slo 
650 4 |a in vitro toxicology  |2 eng 
650 4 |a NAMs  |2 eng 
650 4 |a 3D reconstructed human tissue models  |2 eng 
650 4 |a medical devices  |2 eng 
650 4 |a drugs  |2 eng 
700 1 |a Kanďárová, Helena  |u 043000  |k Z1  |4 ths  |U FCHPT Fakulta chemickej a potravinárskej technológie  |T FCHPT Ústav biochémie a mikrobiológie  |X 108539  |U C3000  |Y 101  |7 108539 
856 4 |u http://is.stuba.sk/zp/portal_zp.pl?podrobnosti=171821